Statistics for A-Z Big Mouth

Click here to take the quiz!

General Stats

  • This quiz has been taken 34 times
  • The average score is 14 of 26

Answer Stats

LetterHintAnswer% Correct
AHe is the 12-year-old best friend of Nick Birch, who goes to Bridgeton Middle School.Andrew
100%
CHormone monster that helps the female characters during puberty.Connie
92%
GShe is known for being the first girl in school to develop breasts.Gina
85%
JShe is a sarcastic, popular and intelligent girl who is friends with Andrew and Nick.Jessi
85%
LShe likes to bully other girls, along with her best friend Devin.Lola
85%
MShe is the ex-girlfriend of Andrew.Missy
85%
NThe main character and central protagonist of the Netflix original series.Nick
85%
RAn old, dysfunctional hormone monster who is incontinent and has bad vision.Rick
81%
EHe is the kind hearted father of Nick, Leah, and Judd Birch.Elliot
73%
BShe is the mother of Andrew Glouberman and wife of Marty Glouberman.Barbara
69%
TAfter Ricky retired from being a Hormone Monster, he takes his place as a Hormone Monster-In-Training.Tyler
69%
DA monster that works in the depression division in the monster world.Depression Kitty
62%
FDuke Ellington summoned him, along with the two other LGBT ghosts.Freddie Mercury
58%
PJay's pillow and later the mother of their human-pillow lovechild, Scorpion.Pam
54%
WA stuffed doll of a caterpillar that Missy owns.Wiggles
54%
VA teenage girl who lives in Florida. She is Cherry's best friend.Vicky
42%
OShe was the first love interest of Nick Birch in the seriesOlivia
31%
QGuest stars on the show known as "The Fab Five".Queer Eye
31%
USecond letter of writer and actor who voices Andrew Glouberman.Mulaney
27%
IA medical device used for the purpose of birth control that appears on the show.Implant
23%
XVideos that the characters watch frequently on the internet.XXX
19%
SA motel pillow as well as Jay's girlfriend.Suzette
15%
YSung by Nick Birch and Missy Foreman-Greenwald as they are rehearsing their lines for the musical.You've Got the Power Now
15%
ZVoice Aiden, a gay boy that Matthew meets in "My Furry Valentine."Zachary Quinto
15%
HA cardboard mountain climber, featuring in the Cliff Hangers segment of the game show, Do The Thing.Heidi
12%
KA monster created out of the hottest body parts of all the hottest girls in Bridgeton Middle School.Krewkie
12%

Score Distribution

Percentile by Number Answered

Percent of People with Each Score

Your Score History

You have not taken this quiz